000 00530nam a22001697a 4500
003 CUTN
005 20220428143359.0
008 220428b |||||||| |||| 00| 0 eng d
041 _aEnglish
082 _a540
_bJAY
100 _a Jayalakshmi, A (R141501)
245 _aSynthesis and photophysical studies of conjugated polycarbonyls containing carbazole and triphenylamine units
260 _aThiruvarur
_bCentral University of Tamil Nadu
_cSeptember- 2021
650 _aChemistry
700 _aRamkumar, S G
942 _2ddc
_cTDP
999 _c37996
_d37996